000 00697nam a22002297a 4500
003 UA-OsUOA
001 34927
007 ta
008 20051101b un ||||| |||| 00| 0 ukr d
090 _a81'374.2
_bА64
942 _cBK
040 _aUA-OsUOA
_bukr
_cUA-OsUOA
_dUA-OsUOA
245 _aАнгло-український, укрансько-англійський словник
300 _a696 с.
955 _a2
041 _aukr
080 _a81'374.2
020 _a5-7707-6868-1
260 _aК.
_bПоліграфкнига
_c1995
650 7 _a8 Мовознавство. Художня література. Літературознавство
_2UDC
999 _c321354
_d321354